01155cam a22003974i 4500003000900000005001700009008004100026020001500067020001800082035002000100040003300120082002100153100003700174245002600211264004600237300004400283336002100327337002500348338002300373490003500396505003500431505009200466526001000558526001000568526001000578526001000588526000800598526000800606526000800614526000800622526000800630526000800638526000800646650004500654650005800699PE-LiUPU20250731172908.0170314s2015 nyu r 001 0 eng  a110767767X a9781107677678 a(Sirsi) a167244 aPE-LiUPUbspacPE-LiUPUerda04a226.307bB672231 aBock, Darrell L.,d1953-eautor.10aMark /cDarrell Bock. 1aNew York :bCambridge Univ. Press,c2015. axiv, 424 páginas ;c23 Centímetros. atext2rdacontent aunmediated2rdamedia avolume2rdacarrier0 aNew Cambridge Bible commentary aÍndices : páginas 415-424.00aIntroduction to Mark -- Suggested readings on the Gospel of Mark -- Commentary on Mark. aSEG42 aSEG41 aSEG40 aSEG39 aP94 aP87 aP86 aP85 aP77 aP76 aP3507aCristología.2fast0(OCoLC)fst0135228807aHistoricidad de Jesucristo.2fast0(OCoLC)fst01353218